[Event "2021 FIDE Online Olympiad"]
[Site "Chess.com"]
[Date "2021.08.29"]
[Round "9.6"]
[White "Sawan, Eman"]
[Black "Marape, Naledi"]
[Result "1-0"]
[WhiteElo "1000"]
[BlackElo "1629"]
[PlyCount "97"]
[EventDate "2021.08.27"]
[EventType "team"]
[EventRounds "9"]
[SourceVersionDate "2018.05.14"]
[WhiteTeam "Palestine"]
[BlackTeam "Botswana"]
[WhiteTeamCountry "PLE"]
[BlackTeamCountry "BOT"]

1. e4 c5 2. Nc3 d6 3. g3 Nf6 4. Bg2 g6 5. Nge2 Bg7 6. O-O O-O 7. h3 Nc6 8. d3
Be6 9. Be3 Qc8 10. Kh2 a6 11. Qd2 Rd8 12. d4 cxd4 13. Nxd4 Ne5 14. b3 Qc7 15.
Nxe6 fxe6 16. f4 Ned7 17. Ne2 Nc5 18. Bxc5 Qxc5 19. Rad1 Rac8 20. c4 b5 21.
cxb5 Qxb5 22. Nd4 Qd7 23. Qe2 Ne8 24. e5 d5 25. Qxa6 Nc7 26. Qe2 Rb8 27. Rc1
Rb6 28. Rc2 Nb5 29. Nxb5 Qxb5 30. Qxb5 Rxb5 31. Rfc1 Rb7 32. Rc8 Rbd7 33. Rxd8+
Rxd8 34. a4 d4 35. Rd1 g5 36. Rd3 Bh6 37. fxg5 Bxg5 38. a5 Be3 39. a6 Rd7 40.
b4 Kf8 41. b5 Ra7 42. Bb7 Ke8 43. b6 Rxa6 44. Bxa6 Kd7 45. b7 Kc7 46. Rb3 Kb8
47. Bd3 h6 48. Be4 Bf2 49. Ra3 1-0

[Event "2021 FIDE Online Olympiad"]
[Site "Chess.com"]
[Date "2021.08.29"]
[Round "9.1"]
[White "Blackburn, Jonathan L B"]
[Black "Jankunas, Tomas"]
[Result "0-1"]
[WhiteElo "2195"]
[BlackElo "2037"]
[PlyCount "90"]
[EventDate "2021.08.27"]
[EventType "team"]
[EventRounds "9"]
[SourceVersionDate "2018.05.14"]
[WhiteTeam "Wales"]
[BlackTeam "ICCD"]
[WhiteTeamCountry "WLS"]

1. d4 Nf6 2. c4 g6 3. Nc3 Bg7 4. e4 d6 5. Nge2 O-O 6. Ng3 e5 7. d5 a5 8. Be2
Na6 9. h4 h5 10. Bg5 Qd7 11. Qd2 Nc5 12. f3 a4 13. Be3 Kh7 14. Bd1 Qe8 15. Nb5
Qd8 16. Bc2 Bd7 17. Nc3 Ne8 18. O-O-O Bf6 19. Bg5 Be7 20. Kb1 Ng7 21. Rdf1 f6
22. Bh6 Qb8 23. Be3 b5 24. cxb5 Bxb5 25. Nge2 Bc4 26. Bxc5 dxc5 27. Bd3 Qb4 28.
Bxc4 Qxc4 29. Nc1 Rfb8 30. Rf2 Ne8 31. g4 Nd6 32. Rg2 hxg4 33. Rxg4 Qb4 34. Nd3
Nc4 35. Qc1 Qb6 36. Ka1 Nxb2 37. Nxb2 a3 38. Nd3 c4 39. Ne1 Qd4 40. Rhg1 Bb4
41. Qh6+ Kxh6 42. Rxg6+ Kh5 43. R1g5+ fxg5 44. Rxg5+ Kxh4 45. Ng2+ Kxg5 0-1

[Event "2021 FIDE Online Olympiad"]
[Site "Chess.com"]
[Date "2021.08.29"]
[Round "9.2"]
[White "Mate, Balazs"]
[Black "Toczek, Grzegorz"]
[Result "0-1"]
[WhiteElo "2110"]
[BlackElo "2240"]
[PlyCount "52"]
[EventDate "2021.08.27"]
[EventType "team"]
[EventRounds "9"]
[SourceVersionDate "2018.05.14"]
[WhiteTeam "ICCD"]
[BlackTeam "Wales"]
[BlackTeamCountry "WLS"]

1. e4 c6 2. d4 d5 3. Nd2 dxe4 4. Nxe4 Nf6 5. Nxf6+ exf6 6. c3 Bd6 7. Bd3 O-O 8.
Ne2 Re8 9. O-O Nd7 10. Bf4 Nf8 11. Qd2 Ng6 12. Bxd6 Qxd6 13. Rfe1 Be6 14. Ng3
Rad8 15. Qc2 Qc7 16. b3 c5 17. dxc5 Qxc5 18. c4 Qa5 19. Rad1 Bg4 20. f3 Rxe1+
21. Rxe1 Qxe1+ 22. Nf1 Nf4 23. Bxh7+ Kh8 24. h3 Ne2+ 25. Kh2 Qxf1 26. hxg4 Qg1+
0-1

[Event "2021 FIDE Online Olympiad"]
[Site "Chess.com"]
[Date "2021.08.29"]
[Round "9.3"]
[White "Smith, Olivia"]
[Black "von Erichsen, Annegret"]
[Result "1-0"]
[WhiteElo "1957"]
[BlackElo "1998"]
[PlyCount "67"]
[EventDate "2021.08.27"]
[EventType "team"]
[EventRounds "9"]
[SourceVersionDate "2018.05.14"]
[WhiteTeam "Wales"]
[BlackTeam "ICCD"]
[WhiteTeamCountry "WLS"]

1. Nf3 Nf6 2. g3 b6 3. Bg2 Bb7 4. d3 e6 5. O-O Be7 6. e4 c5 7. Re1 O-O 8. Nbd2
d5 9. e5 Nfd7 10. d4 cxd4 11. Nxd4 Nc6 12. N2f3 Qc7 13. Nxc6 Bxc6 14. c3 b5 15.
Qd4 Rfc8 16. Qg4 a5 17. Bh6 g6 18. Nd4 Nxe5 19. Qe2 Bd6 20. f4 Nc4 21. b3 Na3
22. Nxe6 Qb6+ 23. Nd4 Re8 24. Qd2 b4 25. Kh1 Bb7 26. Rxe8+ Rxe8 27. Re1 Qd8 28.
Bg5 Be7 29. Qe3 Kf8 30. Bh6+ Kg8 31. cxb4 axb4 32. f5 f6 33. Qe6+ Kh8 34. Qf7
1-0

[Event "2021 FIDE Online Olympiad"]
[Site "Chess.com"]
[Date "2021.08.29"]
[Round "9.5"]
[White "Fowler, Hugo"]
[Black "Piekielny, Pawel"]
[Result "0-1"]
[WhiteElo "1686"]
[BlackElo "1838"]
[PlyCount "110"]
[EventDate "2021.08.27"]
[EventType "team"]
[EventRounds "9"]
[SourceVersionDate "2018.05.14"]
[WhiteTeam "Wales"]
[BlackTeam "ICCD"]
[WhiteTeamCountry "WLS"]

1. e4 e6 2. d4 d5 3. e5 c5 4. c3 Nc6 5. Nf3 Qb6 6. a3 Bd7 7. b4 cxd4 8. cxd4
Rc8 9. Be3 Nh6 10. Bd3 Ng4 11. O-O Be7 12. Qe1 f6 13. exf6 Bxf6 14. h3 Nxe3 15.
fxe3 O-O 16. Nbd2 e5 17. dxe5 Nxe5 18. Nxe5 Bxe5 19. Rxf8+ Rxf8 20. Rc1 Bb2 21.
Rc5 Bxa3 22. Qh4 g6 23. Qg5 Bxb4 24. Rc2 Qf6 25. Qxd5+ Be6 26. Qe4 Qf2+ 27. Kh1
Qe1+ 28. Nf1 Rxf1+ 29. Bxf1 Qxf1+ 30. Kh2 Bd6+ 31. g3 Qf5 32. Qg2 Bd5 33. Rc8+
Kf7 34. Qc2 Qxc2+ 35. Rxc2 Ke6 36. Rd2 a5 37. Rd4 Bc5 38. Ra4 b6 39. e4 Bc6 40.
Ra1 a4 41. Kg2 a3 42. Kf3 Ke5 43. g4 Bxe4+ 44. Ke2 b5 45. g5 b4 46. h4 Bd4 47.
Ra2 Bb2 48. h5 b3 49. hxg6 hxg6 50. Rxb2 axb2 51. Kd2 b1=Q 52. Ke3 Qd3+ 53. Kf2
Qd2+ 54. Kf1 b2 55. Kg1 b1=Q# 0-1

[Event "2021 FIDE Online Olympiad"]
[Site "Chess.com"]
[Date "2021.08.29"]
[Round "9.6"]
[White "Grybauskaite, Ugne"]
[Black "Fraser, Susanna"]
[Result "0-1"]
[WhiteElo "1000"]
[BlackElo "1428"]
[PlyCount "20"]
[EventDate "2021.08.27"]
[EventType "team"]
[EventRounds "9"]
[SourceVersionDate "2018.05.14"]
[WhiteTeam "ICCD"]
[BlackTeam "Wales"]
[BlackTeamCountry "WLS"]

1. e4 e5 2. Nf3 Nc6 3. Nc3 Bc5 4. d3 h6 5. a3 Nf6 6. h3 d6 7. Na4 Bb6 8. c3 Qe7
9. Be2 Bd7 10. O-O O-O 0-1

[Event "2021 FIDE Online Olympiad"]
[Site "Chess.com"]
[Date "2021.08.29"]
[Round "9.1"]
[White "Adu, Oladapo"]
[Black "Khalifah, Khaled"]
[Result "1-0"]
[WhiteElo "2327"]
[BlackElo "1555"]
[PlyCount "103"]
[EventDate "2021.08.27"]
[EventType "team"]
[EventRounds "9"]
[SourceVersionDate "2018.05.14"]
[WhiteTeam "Nigeria"]
[BlackTeam "United Arab Emirates"]
[WhiteTeamCountry "NGR"]
[BlackTeamCountry "UAE"]

1. Nf3 d5 2. g3 Nf6 3. Bg2 Bf5 4. O-O c6 5. d3 Nbd7 6. Nbd2 e5 7. e3 Bd6 8. Qe1
O-O 9. e4 dxe4 10. dxe4 Be6 11. b3 a5 12. a3 Qc7 13. Bb2 Rad8 14. h3 h6 15. Kh2
b5 16. a4 b4 17. Qe2 Nb6 18. Rfd1 c5 19. c4 Nfd7 20. Nf1 f6 21. Ne3 Nb8 22. Nd5
Nxd5 23. cxd5 Bc8 24. Nd2 Ba6 25. Qg4 Nd7 26. Rac1 Nb6 27. Bf1 Bc8 28. Qh5 f5
29. Kg2 f4 30. Be2 Kh7 31. Bd3 Qe7 32. Qe2 Rf6 33. g4 f3+ 34. Nxf3 Rdf8 35. Nh2
Rxf2+ 36. Qxf2 Rxf2+ 37. Kxf2 h5 38. Be2 Qg5 39. Nf3 Qf4 40. Rc2 hxg4 41. Bc1
g3+ 42. Kg2 Qf6 43. Rf1 Kg8 44. Ng5 Qh6 45. Ne6 Bxe6 46. Bxh6 Nxd5 47. exd5
Bxd5+ 48. Kxg3 e4+ 49. Bf4 Bxb3 50. Bc4+ Bxc4 51. Rxc4 Bxf4+ 52. Kxf4 1-0

[Event "2021 FIDE Online Olympiad"]
[Site "Chess.com"]
[Date "2021.08.29"]
[Round "9.2"]
[White "Abdulrahman Mohammad, Al Taher"]
[Black "Olape, Bunmi"]
[Result "0-1"]
[WhiteElo "1412"]
[BlackElo "2251"]
[PlyCount "68"]
[EventDate "2021.08.27"]
[EventType "team"]
[EventRounds "9"]
[SourceVersionDate "2018.05.14"]
[WhiteTeam "United Arab Emirates"]
[BlackTeam "Nigeria"]
[WhiteTeamCountry "UAE"]
[BlackTeamCountry "NGR"]

1. d4 d5 2. c4 c6 3. Nc3 e6 4. e3 Nf6 5. Nf3 Bd6 6. Bd3 O-O 7. O-O Nbd7 8. e4
dxe4 9. Nxe4 Nxe4 10. Bxe4 Nf6 11. Bc2 h6 12. h3 c5 13. Be3 Qc7 14. Qe2 b6 15.
Rad1 Bb7 16. b3 Rad8 17. Rfe1 Rfe8 18. Ne5 Bxe5 19. dxe5 Qxe5 20. Rxd8 Rxd8 21.
Rd1 Rxd1+ 22. Qxd1 Qc7 23. Bf4 Qd7 24. Qxd7 Nxd7 25. Kf1 Kf8 26. Bd6+ Ke8 27.
g3 h5 28. h4 g6 29. Ke2 e5 30. Ke3 f5 31. b4 cxb4 32. Ba4 Ba6 33. Bxe5 Bxc4 34.
Bb8 b5 0-1

[Event "2021 FIDE Online Olympiad"]
[Site "Chess.com"]
[Date "2021.08.29"]
[Round "9.3"]
[White "Assa, Oluwaseun"]
[Black "Fatima, Saif Al-Ali"]
[Result "1/2-1/2"]
[WhiteElo "1889"]
[BlackElo "1313"]
[PlyCount "71"]
[EventDate "2021.08.27"]
[EventType "team"]
[EventRounds "9"]
[SourceVersionDate "2018.05.14"]
[WhiteTeam "Nigeria"]
[BlackTeam "United Arab Emirates"]
[WhiteTeamCountry "NGR"]
[BlackTeamCountry "UAE"]

1. e4 c6 2. Nf3 d5 3. exd5 cxd5 4. d4 Nf6 5. Nc3 Nc6 6. Bb5 g6 7. O-O Bg7 8.
Ne5 Bd7 9. Nxd7 Qxd7 10. Re1 O-O 11. Be3 e6 12. a3 a6 13. Ba4 b5 14. Bb3 Na5
15. Ba2 Nc4 16. Bxc4 dxc4 17. Qf3 Rfd8 18. Red1 Nd5 19. Nxd5 Qxd5 20. Qxd5 Rxd5
21. c3 Rad8 22. Kf1 e5 23. Ke2 exd4 24. Bxd4 Bxd4 25. Rxd4 Rxd4 26. cxd4 Rxd4
27. Rd1 Re4+ 28. Kf3 Re6 29. Rd4 Kf8 30. a4 Ke7 31. axb5 axb5 32. Rd5 Rb6 33.
Ke4 Re6+ 34. Kf3 Rf6+ 35. Ke3 Re6+ 36. Kf3 1/2-1/2

[Event "2021 FIDE Online Olympiad"]
[Site "Chess.com"]
[Date "2021.08.29"]
[Round "9.4"]
[White "Anoud, Eisa Bashkardi"]
[Black "Samson, Peace"]
[Result "1-0"]
[WhiteElo "1000"]
[BlackElo "1828"]
[PlyCount "69"]
[EventDate "2021.08.27"]
[EventType "team"]
[EventRounds "9"]
[SourceVersionDate "2018.05.14"]
[WhiteTeam "United Arab Emirates"]
[BlackTeam "Nigeria"]
[WhiteTeamCountry "UAE"]
[BlackTeamCountry "NGR"]

1. d4 c5 2. c3 cxd4 3. cxd4 g6 4. Nf3 Bg7 5. Bf4 d6 6. e3 Nf6 7. Nbd2 O-O 8.
Be2 Be6 9. O-O Qb6 10. b3 Nd5 11. Bg3 Nc3 12. Qe1 Nxe2+ 13. Qxe2 Bd7 14. Nc4
Qd8 15. Ncd2 a6 16. Qd1 Bb5 17. Re1 Nd7 18. Rc1 Nf6 19. e4 Qa5 20. Qc2 h6 21.
h3 Rac8 22. Qb2 Bd3 23. e5 dxe5 24. Nxe5 Bb5 25. Ndc4 Bxc4 26. Nxc4 Qd8 27. Be5
e6 28. Nd6 Rxc1 29. Rxc1 Qb6 30. d5 Nh5 31. dxe6 Bxe5 32. Qxe5 fxe6 33. Qxe6+
Kg7 34. Ne8+ Rxe8 35. Qxb6 1-0

[Event "2021 FIDE Online Olympiad"]
[Site "Chess.com"]
[Date "2021.08.29"]
[Round "9.5"]
[White "Okemakinde, Toluwanimi"]
[Black "Al Darmaky, Sultan"]
[Result "1/2-1/2"]
[WhiteElo "1975"]
[BlackElo "1588"]
[PlyCount "140"]
[EventDate "2021.08.27"]
[EventType "team"]
[EventRounds "9"]
[SourceVersionDate "2018.05.14"]
[WhiteTeam "Nigeria"]
[BlackTeam "United Arab Emirates"]
[WhiteTeamCountry "NGR"]
[BlackTeamCountry "UAE"]

1. e4 c5 2. Nf3 d6 3. d4 cxd4 4. Bb5+ Bd7 5. Bxd7+ Qxd7 6. Qxd4 Nf6 7. c4 Nc6
8. Qd3 g6 9. O-O Bg7 10. Nc3 O-O 11. Bf4 Ng4 12. Rad1 Nge5 13. Nxe5 Nxe5 14.
Bxe5 Bxe5 15. c5 Qc6 16. cxd6 Qxd6 17. Qxd6 Bxd6 18. Nd5 Kg7 19. Rc1 Rac8 20.
g3 e6 21. Ne3 Rfd8 22. Rfd1 Rxc1 23. Rxc1 Be5 24. b3 Rd4 25. Rc4 Rd2 26. Rc2
Rxc2 27. Nxc2 g5 28. f3 Kf6 29. Kf2 Bc7 30. Na3 Ke5 31. Ke3 Bb6+ 32. Kd3 Bg1
33. Nc4+ Kf6 34. h3 Bh2 35. e5+ Kf5 36. Ne3+ Kg6 37. g4 Bxe5 38. Ke4 Bc7 39. a4
h5 40. b4 hxg4 41. hxg4 Bd6 42. b5 Bc5 43. Nc4 f5+ 44. Ke5 fxg4 45. fxg4 Kf7
46. Nd2 Ke7 47. Ne4 Be3 48. Nc3 Kd7 49. Ne4 a6 50. Kf6 axb5 51. axb5 Kc7 52.
Nxg5 Kb6 53. Nxe6 Kxb5 54. Ke5 Kc4 55. Ke4 Bc1 56. Nf4 b5 57. g5 b4 58. g6 Bb2
59. Nd3 Bg7 60. Ne5+ Kc3 61. Nd3 b3 62. Ke3 b2 63. Nxb2 Kxb2 64. Ke4 Kb3 65.
Kf5 Kc4 66. Ke6 Kc5 67. Kf7 Ba1 68. Kg8 Kd6 69. Kh7 Ke7 70. g7 Bxg7 1/2-1/2

[Event "2021 FIDE Online Olympiad"]
[Site "Chess.com"]
[Date "2021.08.29"]
[Round "9.6"]
[White "Alghala Ali, Alali"]
[Black "Pelomoh, Jessica"]
[Result "0-1"]
[WhiteElo "1109"]
[BlackElo "1737"]
[PlyCount "42"]
[EventDate "2021.08.27"]
[EventType "team"]
[EventRounds "9"]
[SourceVersionDate "2018.05.14"]
[WhiteTeam "United Arab Emirates"]
[BlackTeam "Nigeria"]
[WhiteTeamCountry "UAE"]
[BlackTeamCountry "NGR"]

1. d4 Nf6 2. Nf3 g6 3. g3 Bg7 4. Bg2 c6 5. O-O d6 6. c4 O-O 7. Be3 b6 8. c5
bxc5 9. dxc5 d5 10. Nc3 Nbd7 11. Bd4 Re8 12. Re1 e5 13. Be3 d4 14. Bxd4 exd4
15. Qd2 dxc3 16. Qxc3 Nd5 17. Qd3 Nxc5 18. Qc4 Qb6 19. Rec1 Ne6 20. Qxc6 Qxc6
21. Rc4 Qxc4 0-1

[Event "2021 FIDE Online Olympiad"]
[Site "Chess.com"]
[Date "2021.08.27"]
[Round "1.1"]
[White "Almiron, Antonio"]
[Black "Van den Brink, Peter"]
[Result "1-0"]
[WhiteElo "2329"]
[BlackElo "2185"]
[PlyCount "135"]
[EventDate "2021.08.27"]
[EventType "team"]
[EventRounds "9"]
[SourceVersionDate "2018.05.14"]
[WhiteTeam "Paraguay"]
[BlackTeam "Aruba"]
[WhiteTeamCountry "PAR"]
[BlackTeamCountry "ARN"]

1. e4 c5 2. Nf3 g6 3. d4 cxd4 4. Qxd4 Nf6 5. c4 Nc6 6. Qe3 Bg7 7. Be2 O-O 8.
O-O d6 9. Nc3 Be6 10. Rb1 Rc8 11. b3 Qa5 12. Bb2 a6 13. a3 Ng4 14. Qd2 b5 15.
b4 Qb6 16. cxb5 axb5 17. Nxb5 Bxb2 18. Rxb2 Nce5 19. Nxe5 Nxe5 20. Rc1 Bc4 21.
Nc3 Bxe2 22. Qxe2 Qd4 23. Rbc2 Nd3 24. Qd2 e5 25. Nb5 Rxc2 26. Qxc2 Qxe4 27.
Rd1 Nc5 28. Qxe4 Nxe4 29. f3 Nf6 30. Rxd6 Kg7 31. Nc3 Rc8 32. Rd3 Nh5 33. g3 f5
34. b5 Nf6 35. a4 e4 36. fxe4 fxe4 37. Re3 Rc4 38. b6 Rb4 39. a5 h5 40. Nxe4
Nxe4 41. Rxe4 Rxe4 42. b7 Rb4 43. a6 Rb6 44. a7 Rxb7 45. a8=Q Rf7 46. Qd5 Rf5
47. Qd4+ Kh7 48. Kg2 Kg8 49. Qe4 Kg7 50. Qe7+ Rf7 51. Qe5+ Kh7 52. h3 Rf5 53.
Qe7+ Kh6 54. g4 hxg4 55. hxg4 Ra5 56. Kg3 Rb5 57. Qf8+ Kh7 58. Qf7+ Kh6 59. Qf6
Kh7 60. Qc6 Rb1 61. Kh4 Ra1 62. Qc7+ Kg8 63. Qd8+ Kh7 64. Qe7+ Kg8 65. Qe8+ Kh7
66. Qf7+ Kh8 67. Qf6+ Kh7 68. Qxa1 1-0

[Event "2021 FIDE Online Olympiad"]
[Site "Chess.com"]
[Date "2021.08.27"]
[Round "1.2"]
[White "Croes, Octavio"]
[Black "Benitez Galeano, Alejandro"]
[Result "0-1"]
[WhiteElo "1794"]
[BlackElo "1985"]
[PlyCount "48"]
[EventDate "2021.08.27"]
[EventType "team"]
[EventRounds "9"]
[SourceVersionDate "2018.05.14"]
[WhiteTeam "Aruba"]
[BlackTeam "Paraguay"]
[WhiteTeamCountry "ARN"]
[BlackTeamCountry "PAR"]

1. d4 d5 2. c4 dxc4 3. Nf3 Nf6 4. e3 b5 5. a4 b4 6. Bxc4 e6 7. O-O Be7 8. Qe2
O-O 9. Rd1 Bb7 10. Nbd2 c5 11. dxc5 Nbd7 12. Nb3 Qc7 13. Bd2 a5 14. Rac1 Nxc5
15. Nxc5 Bxc5 16. Bb5 Rac8 17. Nd4 Qe5 18. f4 Qb8 19. Nb3 Bb6 20. Rf1 Rfd8 21.
Kh1 Ne4 22. Bd3 Rxc1 23. Rxc1 Rxd3 24. Nd4 Rxd2 0-1

[Event "2021 FIDE Online Olympiad"]
[Site "Chess.com"]
[Date "2021.08.27"]
[Round "1.3"]
[White "Perez Rodriguez, Jennifer"]
[Black "Jacobs, Annelaine"]
[Result "1-0"]
[WhiteElo "2150"]
[BlackElo "1612"]
[PlyCount "83"]
[EventDate "2021.08.27"]
[EventType "team"]
[EventRounds "9"]
[SourceVersionDate "2018.05.14"]
[WhiteTeam "Paraguay"]
[BlackTeam "Aruba"]
[WhiteTeamCountry "PAR"]
[BlackTeamCountry "ARN"]

1. e4 c5 2. c3 d5 3. exd5 Qxd5 4. d4 Nf6 5. Nf3 Bg4 6. Nbd2 Nc6 7. Bc4 Qd7 8.
Qb3 e6 9. Bb5 Bxf3 10. Nxf3 Bd6 11. dxc5 Bxc5 12. Qc4 Bd6 13. O-O a6 14. Bxc6
Qxc6 15. Qxc6+ bxc6 16. Be3 O-O 17. Rfd1 Bc7 18. c4 Rfd8 19. Nd4 c5 20. Nb3 Ne4
21. Nxc5 Nxc5 22. Bxc5 Rac8 23. b4 Be5 24. Rab1 Rxd1+ 25. Rxd1 h6 26. Kf1 Kh7
27. Rd7 Kg6 28. Ra7 Rc6 29. h3 Kf6 30. Ke2 Kg6 31. Kd3 Bd6 32. Bxd6 Rxd6+ 33.
Kc3 Kf6 34. c5 Rc6 35. Kc4 g6 36. a4 g5 37. b5 axb5+ 38. axb5 Rc8 39. b6 e5 40.
b7 Rb8 41. c6 Ke6 42. Ra8 1-0

[Event "2021 FIDE Online Olympiad"]
[Site "Chess.com"]
[Date "2021.08.27"]
[Round "1.4"]
[White "Cielo, Lesley"]
[Black "Vargas, Gabriela"]
[Result "0-1"]
[WhiteElo "1243"]
[BlackElo "2105"]
[PlyCount "88"]
[EventDate "2021.08.27"]
[EventType "team"]
[EventRounds "9"]
[SourceVersionDate "2018.05.14"]
[WhiteTeam "Aruba"]
[BlackTeam "Paraguay"]
[WhiteTeamCountry "ARN"]
[BlackTeamCountry "PAR"]

1. d4 d5 2. Nf3 Nf6 3. Bf4 c5 4. e3 Nc6 5. c4 cxd4 6. exd4 Bg4 7. Nbd2 Nxd4 8.
cxd5 Nxd5 9. Be2 Nxe2 10. Qxe2 Nxf4 11. Qb5+ Qd7 12. Qxd7+ Bxd7 13. O-O g6 14.
b3 Bg7 15. Rad1 Bb5 16. Rfe1 e6 17. Nc4 Bxc4 18. bxc4 Ke7 19. g3 Nh5 20. Rd3
Rhd8 21. Red1 Rxd3 22. Rxd3 Rd8 23. Rxd8 Kxd8 24. Nd2 Nf6 25. f4 Kc7 26. Kf2
Ng4+ 27. Kg2 Kc6 28. h3 Ne3+ 29. Kf3 Nc2 30. g4 Kc5 31. Ke4 f5+ 32. gxf5 exf5+
33. Kd3 Nb4+ 34. Ke3 Bd4+ 35. Kf3 Nxa2 36. Kg3 Bc3 37. Nf3 a5 38. Kh4 Bf6+ 39.
Kg3 a4 40. h4 a3 41. Nd2 Nc1 42. Kf3 a2 43. Kg3 a1=Q 44. Nb3+ Nxb3 0-1

[Event "2021 FIDE Online Olympiad"]
[Site "Chess.com"]
[Date "2021.08.27"]
[Round "1.5"]
[White "Melian, Juan Sebastian"]
[Black "Stetsenko, Ilya"]
[Result "1-0"]
[WhiteElo "1597"]
[BlackElo "1683"]
[PlyCount "59"]
[EventDate "2021.08.27"]
[EventType "team"]
[EventRounds "9"]
[SourceVersionDate "2018.05.14"]
[WhiteTeam "Paraguay"]
[BlackTeam "Aruba"]
[WhiteTeamCountry "PAR"]
[BlackTeamCountry "ARN"]

1. e4 c6 2. d4 d5 3. exd5 cxd5 4. Bd3 Nc6 5. c3 Nf6 6. Ne2 Bg4 7. O-O e6 8. Qe1
Bd6 9. f3 Bh5 10. Qh4 O-O 11. Nf4 Bg6 12. Nxg6 hxg6 13. f4 Nh5 14. Qf2 Qc7 15.
Be3 Rab8 16. a4 a6 17. Na3 Na5 18. g3 Nb3 19. Ra2 Qa5 20. Bc2 Qxa4 21. Qe2 Nxd4
22. Bxd4 Qc6 23. Bd3 Bc5 24. Nc2 Nf6 25. h3 b5 26. Qe3 Nd7 27. Rfa1 Ra8 28.
Bxc5 Nxc5 29. Nd4 Qd6 30. b4 1-0

[Event "2021 FIDE Online Olympiad"]
[Site "Chess.com"]
[Date "2021.08.27"]
[Round "1.6"]
[White "Ballestero, Aimara"]
[Black "Oviedo Acosta, Paula"]
[Result "0-1"]
[WhiteElo "1190"]
[BlackElo "1311"]
[PlyCount "58"]
[EventDate "2021.08.27"]
[EventType "team"]
[EventRounds "9"]
[SourceVersionDate "2018.05.14"]
[WhiteTeam "Aruba"]
[BlackTeam "Paraguay"]
[WhiteTeamCountry "ARN"]
[BlackTeamCountry "PAR"]

1. d4 Nf6 2. Nf3 c5 3. e3 e6 4. c4 d6 5. Nc3 Nbd7 6. Bd3 a6 7. a4 Qc7 8. O-O
Be7 9. Re1 O-O 10. Qc2 b6 11. d5 exd5 12. Nxd5 Qd8 13. Be4 Ra7 14. b3 Nxe4 15.
Qxe4 Nf6 16. Nxf6+ Bxf6 17. Rb1 Re7 18. Qd3 Bb7 19. Qe2 d5 20. cxd5 Qxd5 21.
Rd1 Qh5 22. Bb2 Bxb2 23. Rxb2 Re6 24. Rbd2 Rg6 25. Kh1 Rh6 26. h3 Rf6 27. Rd8
Bxf3 28. gxf3 Qxh3+ 29. Kg1 Rg6# 0-1

[Event "2021 FIDE Online Olympiad"]
[Site "Chess.com"]
[Date "2021.08.27"]
[Round "1.1"]
[White "Hanoeman, Suradj"]
[Black "Harper, Ryan"]
[Result "0-1"]
[WhiteElo "1983"]
[BlackElo "2198"]
[PlyCount "60"]
[EventDate "2021.08.27"]
[EventType "team"]
[EventRounds "9"]
[SourceVersionDate "2018.05.14"]
[WhiteTeam "Suriname"]
[BlackTeam "Trinidad & Tobago"]
[WhiteTeamCountry "SUR"]

1. d4 d5 2. Nf3 Nf6 3. e3 c5 4. b3 Nc6 5. Bb2 Ne4 6. Nbd2 Qa5 7. c4 cxd4 8.
exd4 Bg4 9. Be2 Bxf3 10. Bxf3 Nxd2 11. Qxd2 Qxd2+ 12. Kxd2 dxc4 13. bxc4 e6 14.
d5 Na5 15. Rac1 Be7 16. Bxg7 Bg5+ 17. Kd3 Rg8 18. Be5 Bxc1 19. Rxc1 Rc8 20. g3
exd5 21. Bxd5 Nc6 22. Bf4 Nb4+ 23. Kd4 Nxd5 24. Kxd5 Kd7 25. Rd1 Rgd8 26. Bd6
Rc6 27. Re1 Rxd6+ 28. Kc5 Rc8+ 29. Kb5 a6+ 30. Kb4 Rd4 0-1

[Event "2021 FIDE Online Olympiad"]
[Site "Chess.com"]
[Date "2021.08.27"]
[Round "1.2"]
[White "Johnson, Joshua"]
[Black "Matoewi, Roger"]
[Result "1-0"]
[WhiteElo "2145"]
[BlackElo "2015"]
[PlyCount "73"]
[EventDate "2021.08.27"]
[EventType "team"]
[EventRounds "9"]
[SourceVersionDate "2018.05.14"]
[WhiteTeam "Trinidad & Tobago"]
[BlackTeam "Suriname"]
[BlackTeamCountry "SUR"]

1. e4 e5 2. Nf3 Nc6 3. Bc4 Be7 4. d4 exd4 5. Nxd4 Nf6 6. Nc3 O-O 7. O-O d6 8.
h3 Nxd4 9. Qxd4 Be6 10. Bf4 Nh5 11. Bh2 Bf6 12. Qd3 Bxc4 13. Qxc4 Bxc3 14. Qxc3
Nf6 15. f3 Re8 16. Rad1 Qe7 17. Rfe1 Rad8 18. Qa3 Nd7 19. Qxa7 Nc5 20. Qa3 Qg5
21. Qc3 Ne6 22. Rd5 Qg6 23. Red1 h6 24. Qb4 b6 25. a3 Ng5 26. Kh1 Ne6 27. Qc4
Qf6 28. c3 g5 29. e5 dxe5 30. Bxe5 Qf5 31. Rxd8 Rxd8 32. Rxd8+ Nxd8 33. Qxc7
Ne6 34. Qc8+ Kh7 35. Qh8+ Kg6 36. Qg8+ Kh5 37. g4+ 1-0

[Event "2021 FIDE Online Olympiad"]
[Site "Chess.com"]
[Date "2021.08.27"]
[Round "1.4"]
[White "James, Shemilah"]
[Black "Kaslan, Alexandra"]
[Result "1-0"]
[WhiteElo "1494"]
[BlackElo "1435"]
[PlyCount "75"]
[EventDate "2021.08.27"]
[EventType "team"]
[EventRounds "9"]
[SourceVersionDate "2018.05.14"]
[WhiteTeam "Trinidad & Tobago"]
[BlackTeam "Suriname"]
[BlackTeamCountry "SUR"]

1. e4 e6 2. d4 d5 3. exd5 exd5 4. Bd3 Nf6 5. Nf3 Bd6 6. O-O O-O 7. c3 Re8 8.
Bg5 h6 9. Bh4 c6 10. Nbd2 Nbd7 11. Qc2 Qc7 12. Rfe1 Bf4 13. Rxe8+ Nxe8 14. Re1
Ndf6 15. Ne5 Be6 16. Ndf3 g5 17. Bg3 Bxg3 18. hxg3 Kg7 19. Qd2 Nd6 20. Nxg5 Rg8
21. Nxe6+ fxe6 22. Qf4 Nde4 23. Bxe4 Nxe4 24. Qg4+ Kh7 25. Qxe6 Qg7 26. Qf5+
Qg6 27. Nxg6 Rxg6 28. f3 Kg7 29. fxe4 Rf6 30. Qd7+ Rf7 31. Qg4+ Kf8 32. exd5
cxd5 33. Rf1 Rxf1+ 34. Kxf1 Ke7 35. Qg6 Kd7 36. g4 h5 37. gxh5 b5 38. h6 1-0

[Event "2021 FIDE Online Olympiad"]
[Site "Chess.com"]
[Date "2021.08.27"]
[Round "1.5"]
[White "Kalidjo, Imaan"]
[Black "Yearwood, Sean"]
[Result "1/2-1/2"]
[WhiteElo "1692"]
[BlackElo "1678"]
[PlyCount "67"]
[EventDate "2021.08.27"]
[EventType "team"]
[EventRounds "9"]
[SourceVersionDate "2018.05.14"]
[WhiteTeam "Suriname"]
[BlackTeam "Trinidad & Tobago"]
[WhiteTeamCountry "SUR"]

1. d4 d6 2. g3 Nf6 3. Bg2 g6 4. e4 Bg7 5. Ne2 O-O 6. O-O e5 7. c3 Nc6 8. Na3
Bg4 9. Be3 Re8 10. h3 Bd7 11. d5 Ne7 12. Nc2 Qc8 13. Kh2 Nh5 14. g4 Nf6 15. Ng3
Rf8 16. Qd2 Kh8 17. Bg5 Nfg8 18. Bxe7 Nxe7 19. Ne3 f5 20. exf5 gxf5 21. gxf5
Nxf5 22. Nexf5 Bxf5 23. Rae1 Qd7 24. Qe3 a5 25. Nxf5 Qxf5 26. Be4 Qf4+ 27. Qxf4
Rxf4 28. f3 Raf8 29. Rg1 R4f7 30. Rg4 Bh6 31. Kg2 Rg7 32. Kf2 Bf4 33. Reg1 Rfg8
34. Ke2 1/2-1/2